| 000 | 00000nam##2200000za#4500 |
| 001 | 9.587777 |
| 003 | CaOODSP |
| 005 | 20210624194811 |
| 007 | cr ||||||||||| |
| 008 | 150406|2006||||xxc|||||o f|0| 0 eng|d |
| 022 | |a1701-1280 |
| 040 | |aCaOODSP|beng |
| 041 | |aeng |
| 041 | |afre |
| 043 | |an-cn--- |
| 086 | 1 |aFs70-4/2006-008-PDF |
| 110 | 1 |aCanada. |bDepartment of Fisheries and Oceans. |
| 245 | 10|aProceedings of the Maritime Provinces Regional Advisory Process meeting on the assessment framework for 4T herring : |h[electronic resource]|b5-7 December 2005, Gulf Fisheries Centre, Moncton, New Brunswick / |c[by] G. Chaput. |
| 260 | |aMoncton - New Brunswick : |bFisheries and Oceans Canada |cJune 2006. |
| 300 | |a29p.|breferences, tables |
| 490 | 1 |aCanadian Science Advisory Secretariat proceedings series|x1701-1280|v2006/008 |
| 590 | |a11-31-Supp|b2011-12-13 |
| 720 | 1 |aChaput, G |
| 792 | |tCompte rendu du processus consultatif régional des provinces Maritimes sur le cadre de l'évaluation du hareng de 4T : |efre|w(CaOODSP)9.587778 |
| 830 | #0|aProceedings series (Canadian Science Advisory Secretariat)|x1701-1280|v2006/008|w(CaOODSP)9.500507 |
| 856 | 40|ahttp://publications.gc.ca|qPDF|s191 KB|uhttps://publications.gc.ca/collections/collection_2011/mpo-dfo/Fs70-4-2006-008.pdf|y2006/008 |